00539nam a2200169 a 450000100100000000500170001000800410002702000180006804000250008608200200011110000250013124500740015626000370023030000270026750000470029450400280034100004703820201002053315.0180412s2015 dr a 000 0 spa d a9789945123326 aDO-SdBNPbspacBNPHU axxxxbR457c, 3o1 aReyes Báez, Yanett10aCiencias de la naturaleza 3 :bnivel primario /cYanett Reyes Báez. aSanto Domingo :bSusaeta,c2015. a171 p. :bil ;c29 cm. aEnfoque por competencias nuevo currículo aBibliografía : p. 171